Online Catalogue and eLibrary

Rainbows on a crying planet : (Record no. 3428)

MARC details
000 -LEADER
fixed length control field 00456nam a2200157Ia 4500
005 - DATE AND TIME OF LATEST TRANSACTION
control field 20250122035514.0
008 - FIXED-LENGTH DATA ELEMENTS--GENERAL INFORMATION
fixed length control field 240331s9999 xx 000 0 und d
020 ## - INTERNATIONAL STANDARD BOOK NUMBER
ISBN 8178210312
082 ## - DDC Classification
Item Number - Author Mark RAI
Class No. 920
245 #0 - TITLE STATEMENT
Title Rainbows on a crying planet :
Remainder of title esays in honour of Tissa Balasuriya
260 ## - PUBLICATION, DISTRIBUTION, ETC.
Place of publication, distribution, etc. Tiruvalla
Name of publisher, distributor, etc. Christava sahitya samithy
Date of publication, distribution, etc. 2004
300 ## - PHYSICAL DESCRIPTION
Extent (e.g. Volumes, Pages etc.) 259 p .,
500 ## - GENERAL NOTE
General note Essays in Honour of Tissa Balasuriya
700 ## - ADDED ENTRY--PERSONAL NAME
Personal name Troch.L.
Relator term (Role) Editor
942 ## - Koha item type (Biblio)
Koha item type Books in Stacks (Lending)
Holdings
Lost status Damaged status Collection code Home library Current library Shelving location Date acquired Full call number Accession Number Item type
    Lending WERC Library WERC Library Social Science Cupboard 03/31/2024 920 RAI 5530 Books in Stacks (Lending)

© WERC Library